Nedohraná úloha /

Main Author: Beljajeva, Lilija Ivanovna, 1934-2018
Other Authors: Prudilová, Ľubica, 1944-, Lehutová, Daniela, 1935-2007
Language: Slovak
Published: Bratislava : Tatran, 1986
Edition: 1. vyd.
Series: Prameň (Tatran)
Physical Description: 387 s.
Book
Saved in:
LEADER 00918nam a2200265 a 4500
001 000405707
003 CZ BrMZK
005 20070406112718.0
007 ta
008 010907s1986 xo f slo d
040 |a BOA001  |b cze 
080 |a 882-31=854  |2 MRF 
100 1 |a Beljajeva, Lilija Ivanovna,  |d 1934-2018  |7 kup19970000006169  |4 aut 
245 1 0 |a Nedohraná úloha /  |c Lilija Beľajevová ; Z rus. orig. preložila Dana Lehutová ; Ilustr. Ľubica Prudilová 
250 |a 1. vyd. 
260 |a Bratislava :  |b Tatran,  |c 1986 
300 |a 387 s. 
490 1 |a Prameň ;  |v Zv. 212 
700 1 |a Prudilová, Ľubica,  |d 1944-  |7 mzk2003196542  |4 ill 
700 1 |a Lehutová, Daniela,  |d 1935-2007  |7 mzk2004241506  |4 trl 
765 0 |t Nesygrannaja rol' 
830 0 |a Prameň (Tatran) 
910 |a BOA001  |b 2-0911.549 
990 |a BK 
996 7 |b 2619351118  |c 2-0911.549  |l MZK  |r Sklad / do 1 hodiny  |n 0  |w 000405707  |u 000010  |a 1  |e BOA001  |j MZK50  |s A